Dinámica de los Pastos (Record no. 9591)

MARC details
000 -CABECERA
campo de control de longitud fija 01017nam a2200301 a 4500
001 - NÚMERO DE CONTROL
campo de control BRL_779
005 - FECHA Y HORA DE LA ÚLTIMA TRANSACCIÓN
campo de control 20190320210907.0
008 - DATOS DE LONGITUD FIJA--INFORMACIÓN GENERAL
campo de control de longitud fija 071013s1962----sp-ad#####---#000-0#spa-#
041 ## - CÓDIGO DE LENGUA
Código de lengua del texto/banda sonora o título independiente spa
044 ## - CÓDIGO DEL PAÍS DE LA ENTIDAD EDITORA/PRODUCTORA
Código MARC del país sp
050 #4 - SIGNATURA TOPOGRÁFICA DE LA BIBLIOTECA DEL CONGRESO
Número de clasificación SB199
Número de documento/Ítem .V65 1962
100 1# - ENTRADA PRINCIPAL--NOMBRE DE PERSONA
Nombre de persona Voisin, Andre
9 (RLIN) 24916
245 10 - MENCIÓN DE TÍTULO
Título Dinámica de los Pastos
Mención de responsabilidad, etc. Andre Voisin ; Prefacio del C. Bressou; Traducción y Prólogo a la edición española por Carlos Luis de Cuenca.
260 ## - PUBLICACIÓN, DISTRIBUCIÓN, ETC.
Lugar de publicación, distribución, etc. Madrid
Nombre del editor, distribuidor, etc. Editorial Tecnos
Fecha de publicación, distribución, etc. 1962
300 ## - DESCRIPCIÓN FÍSICA
Extensión 452 p.
Dimensiones 22 cm.
440 #0 - MENCIÓN DE SERIE/PUNTO DE ACCESO ADICIONAL--TÍTULO
Título AGROS, Manuales de agricultura y zootecnia
Designación de volumen o secuencia 7
9 (RLIN) 24917
500 ## - NOTA GENERAL
Nota general Au862
500 ## - NOTA GENERAL
Nota general Traducción del alemán: Lebendige grasnarbe.
500 ## - NOTA GENERAL
Nota general Traducción del inglés: Better grassland sw ard.
500 ## - NOTA GENERAL
Nota general Estado físico: Tiene una parte del lomo despegada.
650 14 - PUNTO DE ACCESO ADICIONAL DE MATERIA--TÉRMINO DE MATERIA
Término de materia o nombre geográfico como elemento de entrada Pastos
9 (RLIN) 24797
650 14 - PUNTO DE ACCESO ADICIONAL DE MATERIA--TÉRMINO DE MATERIA
Término de materia o nombre geográfico como elemento de entrada Pastos
Subdivisión general Abonos
9 (RLIN) 24918
650 14 - PUNTO DE ACCESO ADICIONAL DE MATERIA--TÉRMINO DE MATERIA
Término de materia o nombre geográfico como elemento de entrada Agricultura
9 (RLIN) 24919
700 1# - PUNTO DE ACCESO ADICIONAL--NOMBRE DE PERSONA
Nombre de persona Bressou, C.
9 (RLIN) 24920
700 1# - PUNTO DE ACCESO ADICIONAL--NOMBRE DE PERSONA
Nombre de persona Cuenca, Carlos Luis de
Término indicativo de función/relación tr.
9 (RLIN) 24921
902 ## - CATALOGADOR
Iniciales GRL
942 ## - ELEMENTOS DE PUNTO DE ACCESO ADICIONAL (KOHA)
Fuente del sistema de clasificación o colocación Library of Congress Classification
Tipo de ítem Koha Libros
Holdings
Estado de retiro Estado de pérdida Estado dañado No para préstamo Localización permanente Ubicación/localización actual Fecha de adquisición Número de inventario Total de préstamos Signatura topográfica completa Código de barras Fecha visto por última vez Precio válido a partir de Tipo de ítem Koha
El ejemplar forma parte de la colección y puede ser consultado según las políticas vigentes.       Biblioteca Centro de Estudios Ruth D. Lechuga Biblioteca Centro de Estudios Ruth D. Lechuga 07/10/2013 Au862   SB199 .V65 1962 (Au862) GRL00848 22/03/2019 22/03/2019 Libros